Ministries of discussion in the state level collector's conference held on the 26th May (Record no. 488795)

000 -LEADER
fixed length control field 00453cam a22001217a 4500
008 - FIXED-LENGTH DATA ELEMENTS--GENERAL INFORMATION
fixed length control field 180718b1990 xxu||||| |||| 00| 0 eng d
082 ## - DEWEY DECIMAL CLASSIFICATION NUMBER
Classification number B67x5414 Or4m
100 ## - MAIN ENTRY--PERSONAL NAME
Personal name Orissa. State level collector's conference (1990)
245 ## - TITLE STATEMENT
Title Ministries of discussion in the state level collector's conference held on the 26th May
260 ## - PUBLICATION, DISTRIBUTION, ETC.
Place of publication, distribution, etc. Cuttack
Name of publisher, distributor, etc. General Administration Department
Date of publication, distribution, etc. 1990
300 ## - PHYSICAL DESCRIPTION
Extent 25p.
700 ## - ADDED ENTRY--PERSONAL NAME
Personal name Orissa. General Administration Department
Holdings
Withdrawn status Lost status Damaged status Not for loan Permanent Location Current Location Date acquired Full call number Barcode Date last seen Price effective from Koha item type
        Indian Institute of Public Administration Indian Institute of Public Administration 2018-08-04 B67x5414 Or4m GG21168 2018-08-04 2018-08-04 GG

Powered by Koha